G disney/pixar characters - Statistics

General Stats
  • This quiz has been taken 24 times
  • The average score is 14 of 34
Answer Stats
Hint Answer % Correct
Cinderella Gus
91%
Beauty and the Beast Gaston
73%
Aladdin Genie
64%
Pinocchio Geppetto
64%
Mickey Mouse Goofy
64%
Up Gamma
55%
Lilo and Stitch Gantu
55%
Finding Nemo Gill
55%
Big Hero 6 Gogo
55%
Snow White Grumpy
55%
Ratatouille Gusteau
55%
Home on the Range Grace
45%
Toy Story 4 Gabby Gabby
36%
Aladdin Gazeem
36%
Oliver and Company Georgette
36%
Pinocchio Gideon
36%
Luca Giulia
36%
Chicken Little Goosy Loosy
36%
Winnie the Pooh Gopher
36%
Bambi Great Prince of the Forest
36%
The Little Mermaid Grimsby
36%
Cars Guido
36%
A Bugs Life Gypsy
36%
Zootopia Gazelle
27%
Peter Pan George Darling
27%
The Aristocats Georges
27%
Zootopia Gideon Gray
27%
Toy Story 4 Giggle Mcdimples
27%
Pocahontas Governor Ratcliffe
27%
Pocahontas Grandmother Willow
27%
The Black Cauldron Gurgi
27%
Finding Nemo Gurgle
27%
Lilo and Stitch Grand Councilwoman
18%
Frozen Grand Pabbie
18%
No matching quizzes found
Score Distribution
Percent of People with Each Score
Percentile by Number Answered
Your Score History
You have not taken this quiz